000 00628cam a22002293a 4500
001 22475
003 PGUSA
005 20140828083458.0
008 070831s2007||||xxu|||||s|||||000 p eng d
040 _aPGUSA
_beng
042 _adc
050 4 _aPR
100 1 _aLawrence, D. H.
_q(David Herbert),
_d1885-1930
245 1 0 _aTortoises
_h[electronic resource] /
_cD. H. Lawrence
260 _bProject Gutenberg,
_c2007
506 _aPublic domain in the USA.
516 _aElectronic text
653 _aEnglish poetry
830 0 _aProject Gutenberg
_v22475
856 4 0 _uhttp://www.gutenberg.org/ebooks/22475
942 _cEB
999 _c251730
_d251730